00513nam a2200181Ia 4500008004100000020001500041050001400056100002000070245002300090245004300113245006900156260001500225260002100240260000900261300001500270300002500285440002100310180207s9999 xx 000 0 und d a1588650227 bR578 2002 aRinaldo, Denise aAgainst the odds : bfour true life stories about courage / cDenise Rinaldo, Susan E. Edgar, Denise Rinaldo & Denise Rinaldo. aNew York : bKidsbooks, Inc., c2002 a29 pages : bcolor illustration ; aWinner's circle.